Comunidades en desastre: las poblaciones bombardeadas en El Salvador /

Sparad:
Bibliografiska uppgifter
Huvudupphovsman: Campos, Francisco Napoléon
Övriga upphovsmän: Avila, Diana
Materialtyp: Text
Taggar: Lägg till en tagg
Inga taggar, Lägg till första taggen!

MARC

LEADER 00000 a a2200000 04500
001 1812
003
040
100 |a Campos, Francisco Napoléon  
245 |a Comunidades en desastre:   |b las poblaciones bombardeadas en El Salvador /  |c Francisco Napoléon Campos 
700 |a Avila, Diana  
773 |g número 9; página 17  
999 |c 26433  |d 26433